000 00705nam a22002417a 4500
003 BPGM
005 20260702213536.0
008 260702b1998 mx o|||| |||| 001 0 spa d
020 _a970-91457-1-1
040 _aBPGM
_bspa
041 _aspa
_hspa
082 0 4 _aCQ / 724.19 /
_bM67
100 _aMORENO NEGRETE , SARBELIO
245 _aCASAS Y CASONAS DE QUERÉTARO
_bTOMO ll
300 _a189 páginas;
_c29.8 cm x 22.3 cm
336 _2rdacontent
_atexto
_btxt
337 _2rdamedia
_asin mediación
_bn
338 _2rdacarrier
_avolumen
_bnc
650 _aLAS ARTES BELLAS ARTES Y ARTES DECORATIVAS
650 _aARQUITECTURA
650 _aARQUITECTURA DESDE 1400
942 _2ddc
_cCOLQ
999 _c68744
_d68744